• 首页
  • 本馆介绍
  • 公告通知
  • 最新文献
  • 馆藏检索
  • 电子资源
  • 读者导购
  • 参考咨询
  • 我的图书馆
  • 登录
  • 详细信息显示
  • 放入我的书架
  • 预约/预借图书
  • 作者相关作品
  • 分类相关作品
  • 丛书相关作品
  • 出版社相关作品

书目信息

  • 表格格式
  • 工作单格式
  • 卡片格式
题名:
广府粤剧文化
    
 
作者: 徐燕琳 著
分册:  
出版信息: 广州   广东人民出版社  2015
页数: 157页
开本: 26cm
丛书名: 文化广州论丛
单 册:
中图分类: I236.65
科图分类:
主题词: 粤剧--研究--广州
电子资源:
ISBN: 978-7-218-10145-3
000 00834oam2 2200265 45
001 012001004050
005 20140928162348.0
010    @a978-7-218-10145-3@dCNY30.00
100    @a20151215d2015 em y0chiy50 ea
101 0  @achi
102    @aCN@b440000
105    @ay z 000yy
106    @ar
200 1  @a广府粤剧文化@9guang fu yue ju wen hua@b专著@f徐燕琳著
210    @a广州@c广东人民出版社@d2015
215    @a157页@d26cm
225 1  @a文化广州论丛@f广州市社会科学界联合会编
300    @a岭南文史研究系列
330    @a本书共4章,内容包括:粤剧与广州的历史渊源、粤剧与广州地方文化、粤剧与广府历史文化、粤剧名人名戏等。
461  0 @12001 @a文化广州论丛
606 0  @a粤剧@x研究@y广州
690    @aI236.65@v5
701  0 @a徐燕琳@9xu yan lin@4著
801  0 @aCN@b上海新华@c20180901
905    @b1165566-70@dI236.65@e14@f5
    
    广府粤剧文化/徐燕琳著.-广州:广东人民出版社,2015
    157页;26cm.-(文化广州论丛/广州市社会科学界联合会编)
    岭南文史研究系列
    
    ISBN 978-7-218-10145-3:CNY30.00
    本书共4章,内容包括:粤剧与广州的历史渊源、粤剧与广州地方文化、粤剧与广府历史文化、粤剧名人名戏等。
●
相关链接 在E读中查询图书 在五车中查询图书 在当当中查询图书 在豆瓣中查询图书


正题名:广府粤剧文化     索取号:I236.65/14         预约/预借

序号 登录号 条形码 馆藏地/架位号 状态 备注
1 1165566   211655662   第一样本阅览室/ [索取号:I236.65/14] 在馆    
2 1165567   211655671   第二借阅区/ [索取号:I236.65/14] 在馆    
3 1165568   211655680   密集书库-文学院/ [索取号:I236.65/14] 在馆    
4 1165569   211655699   第二借阅区/ [索取号:I236.65/14] 在馆    
5 1165570   211655706   第二借阅区/ [索取号:I236.65/14] 在馆    
唐山师范学院图书馆 欢迎您!
大连网信软件有限公司© 版权所有